000 01052nam a22002537a 4500
005 20220427140816.0
008 120124t mx ||||| |||| 00| 0 spa d
020 _a970101118X
050 0 4 _aHF1416.6.M6
_bC95 1996
100 1 _aCzinkota, Michael R.
_eautor
240 1 _aInternational Marketing
_lEspañol
245 1 0 _aMarketing internacional
_c / Michael R. Czinkota, Ilkka a. Ronkainen ; traducción y revisión técnica Juan Bruno García -Sordo ; revisión técnica Herbert Seiter Kopetz.
250 _a1a ed.
260 _aMéxico :
_bMcGraw-Hill Interamericana Editores,
_c1996
300 _axxix, 819 p. :
_bil. ,
_c28 cm.
500 _aTraducción de la 4a ed. en inglés / 1a ed. en español
500 _aIncluye índice
650 7 _2lemb
_aMercado de exportación
_xAdministración
650 7 _2lemb
_aMercado de exportación
_vestudio de casos
_xAdministración
700 1 _aRonkainen, Ilkka A.
_eautor
700 1 _aGarcía-Sordo, Juan Bruno,
_etraductor
700 1 _aSeiter Kopetz, Herbert
_erevisor técnico
942 _2lcc
_cLIB
999 _c28355
_d28355